| 000 | 00384nam a2200133Ia 4500 | ||
|---|---|---|---|
| 999 |
_c4177 _d4177 |
||
| 008 | 200103s9999||||xx |||||||||||||| ||und|| | ||
| 020 | _a0947637761, | ||
| 082 | _aColumn-34 | ||
| 100 | _aJackson, Leslie and Morton, Thomas D. | ||
| 245 | 0 | _aGeneral Engineering Knowledge for Marine Engineers, Vol. 8 | |
| 260 |
_bThomas Reed Publications Ltd. _c2001 _aUK |
||
| 300 | _a519 | ||
| 942 | _cBK | ||